000 00321nam a22001457a 4500
008 230615b ||||| |||| 00| 0 eng d
020 _a9781617314773
041 _aeng
080 _2THIRD EDITION
_a579
082 _a579LEB
100 _a17
101 _aMKB
245 _aMICROBIOLOGY
_cLEBOFFE.J.M
942 _2udc
_cBK
999 _c59978
_d59978